A survey of work done on the military history of India / (Record no. 46851)
[ view plain ]
| 000 -LEADER | |
|---|---|
| fixed length control field | 00870nam a2200277 a 4500 |
| 001 - CONTROL NUMBER | |
| control field | 46851 |
| 003 - CONTROL NUMBER IDENTIFIER | |
| rucl marc code | BD-RjUL |
| 005 - DATE AND TIME OF LATEST TRANSACTION | |
| control field | 20211209054222.0 |
| 008 - FIXED-LENGTH DATA ELEMENTS--GENERAL INFORMATION | |
| fixed length control field | 160804s1976 ii b 000 0 eng |
| 020 ## - INTERNATIONAL STANDARD BOOK NUMBER | |
| Terms of availability | Rs20.00 |
| 035 ## - SYSTEM CONTROL NUMBER | |
| System control number | (BD-RjUL)46970 |
| 040 ## - CATALOGING SOURCE | |
| Original cataloging agency | DLC |
| Transcribing agency | DLC |
| Modifying agency | DLC |
| Language of cataloging | eng |
| 041 ## - LANGUAGE CODE | |
| Language code of text/sound track or separate title | eng |
| 082 00 - DEWEY DECIMAL CLASSIFICATION NUMBER | |
| Classification number | 355.0954 |
| Edition number | 23 |
| Author mark and year | PRS 1976 |
| 100 1# - MAIN ENTRY--PERSONAL NAME | |
| Personal name | Prasad, S. N. |
| Fuller form of name | (Sri Nandan) |
| 9 (RLIN) | 142729 |
| 245 12 - TITLE STATEMENT | |
| Title | A survey of work done on the military history of India / |
| Statement of responsibility, etc. | S. N. Prasad. |
| 260 ## - PUBLICATION, DISTRIBUTION, ETC. (IMPRINT) | |
| Place of publication, distribution, etc. | Calcutta : |
| Name of publisher, distributor, etc. | K. P. Bagchi, |
| Date of publication, distribution, etc. | 1976. |
| 300 ## - PHYSICAL DESCRIPTION | |
| Pagination | 98 p. ; |
| Size | 22 cm. |
| 490 1# - SERIES STATEMENT | |
| Series statement | Survey series - Indian Council of Historical Research ; 3 |
| 504 ## - BIBLIOGRAPHY, ETC. NOTE | |
| Bibliography, etc | Bibliography: p. 36-98. |
| 650 ## - SUBJECT ADDED ENTRY--TOPICAL TERM | |
| Topical term or geographic name as entry element | Military science |
| Geographic subdivision | India |
| 9 (RLIN) | 142736 |
| 651 #0 - SUBJECT ADDED ENTRY--GEOGRAPHIC NAME | |
| Geographic name | India |
| General subdivision | History, Military |
| -- | Bibliography. |
| 9 (RLIN) | 142730 |
| Geographic name | India |
| General subdivision | Historiography. |
| 9 (RLIN) | 142731 |
| 942 ## - ADDED ENTRY ELEMENTS (KOHA) | |
| Source of classification or shelving scheme | Dewey Decimal Classification |
| Koha item type | Books |
| Lost status | Source of classification or shelving scheme | Damaged status | Not for loan | Collection code | Permanent Location | Current Location | Shelving location | Date acquired | Source of acquisition | Cost, normal purchase price | Total Checkouts | Full call number | Date last seen | Copy number | Koha item type |
|---|---|---|---|---|---|---|---|---|---|---|---|---|---|---|---|
| Dewey Decimal Classification | Non-fiction | Central Library, University of Rajshahi | Central Library, University of Rajshahi | 04/04/1977 | K.P. Bagicha and Co., Calcutta | 20.00 | 355.0954 PRS 1976 | 04/08/2016 | C-2 | Books |